00797nab a2200193 i 4500001000400000003000400004005001700008008003900025040000800064080001300072100014500085245017500230260001000405500002600415650002300441773011100464942001300575999001500588BPPBPK20150511165004.0150511s1969 pl n f |000 0pol cBPK a621.3.02 aKARPOWICZ, Piotr.d1969 - 1996.bWyższa Szkoła Inżynierska w Koszalinie - Wydział Mechaniczny,cPracownia Elektrotechniki i Automatyki aWpływ szumów zewnętrznych na czułość rzeczywistą urządzeń odbiorczych radiokomunikacji ruchomej w pasmie częstotliwości 30-500 MHz /cPiotr Karpowicz. c1969. aDane z kartoteki bpp. aRadiokomunikacja.  iW :tPrzegląd Telekomunikacyjny. Elektronika - Teletechnika - Radio - Telewizja. -g1969, nr 1, s. 11-15 cART2UKD c7063d7063